Dilapidations in England and Wales (Record no. 115833)
[ view plain ]
| 000 -LEADER | |
|---|---|
| fixed length control field | 01550cad a2200289 4500 |
| 001 - CONTROL NUMBER | |
| control field | L159357 |
| 005 - DATE AND TIME OF LATEST TRANSACTION | |
| control field | 20241205152214.0 |
| 008 - FIXED-LENGTH DATA ELEMENTS--GENERAL INFORMATION | |
| fixed length control field | 161124s2016 xxk f 000 0 eng u |
| 020 ## - INTERNATIONAL STANDARD BOOK NUMBER | |
| International Standard Book Number | 9781783211685 |
| 035 ## - SYSTEM CONTROL NUMBER | |
| System control number | (Sirsi) u159357 |
| 041 0# - LANGUAGE CODE | |
| Language code of text/sound track or separate title | eng |
| 050 04 - LIBRARY OF CONGRESS CALL NUMBER | |
| Classification number | 346.420434 $2 18 |
| 110 2# - MAIN ENTRY--CORPORATE NAME | |
| Corporate name or jurisdiction name as entry element | Royal Institution of Chartered Surveyors |
| 9 (RLIN) | 4900 |
| 245 00 - TITLE STATEMENT | |
| Title | Dilapidations in England and Wales |
| Medium | [electronic resource] |
| 250 ## - EDITION STATEMENT | |
| Edition statement | 7th ed. |
| 260 ## - PUBLICATION, DISTRIBUTION, ETC. | |
| Place of publication, distribution, etc. | London, |
| Name of publisher, distributor, etc. | Royal Institution of Chartered Surveyors, |
| Date of publication, distribution, etc. | 2016 |
| 490 #0 - SERIES STATEMENT | |
| Series statement | RICS Guidance Note |
| 490 #0 - SERIES STATEMENT | |
| Series statement | RICS Professional Standard |
| 520 ## - SUMMARY, ETC. | |
| Summary, etc. | Advises on the factors to be taken into consideration when producing Schedules of Dilapidations, Quantified Demands, Responses, Scott Schedules and Diminution Valuations for reference to or use by the client, the other party to the lease, third parties and tribunals. Includes worked examples of a costed Schedule of Dilapidations, a Quantified Demand and a Scott Schedule. Effective from 1 December 2016. |
| 520 ## - SUMMARY, ETC. | |
| Summary, etc. | Supersedes 6th edition ISBN 9781842197790 |
| 520 ## - SUMMARY, ETC. | |
| Summary, etc. | This document was originally published in September 2016 as an RICS guidance note and reissued in December 2023 as an RICS professional standard. |
| 590 ## - LOCAL NOTE (RLIN) | |
| Local note | NTK |
| 651 #4 - SUBJECT ADDED ENTRY--GEOGRAPHIC NAME | |
| Geographic name | England and Wales |
| Chronological subdivision | 1543- |
| 690 ## - LOCAL SUBJECT ADDED ENTRY--TOPICAL TERM (OCLC, RLIN) | |
| Topical term or geographic name as entry element | Dilapidations |
| 9 (RLIN) | 6235 |
| 856 41 - ELECTRONIC LOCATION AND ACCESS | |
| Uniform Resource Identifier | <a href="https://www.rics.org/profession-standards/rics-standards-and-guidance/sector-standards/building-surveying-standards/dilapidations-in-england-and-wales">https://www.rics.org/profession-standards/rics-standards-and-guidance/sector-standards/building-surveying-standards/dilapidations-in-england-and-wales</a> |
| Public note | View the guidance at www.rics.org |
| 942 ## - ADDED ENTRY ELEMENTS (KOHA) | |
| Suppress in OPAC | 0 |
| Source of classification or shelving scheme | Dewey Decimal Classification |
| Withdrawn status | Lost status | Source of classification or shelving scheme | Damaged status | Not for loan | Home library | Current library | Shelving location | Date acquired | Total Checkouts | Full call number | Barcode | Date last seen | Copy number | Price effective from | Koha item type |
|---|---|---|---|---|---|---|---|---|---|---|---|---|---|---|---|
| Dewey Decimal Classification | London | London | RICS Boxes | 28/07/2017 | RICS 2016/13 | 30078424 | 06/08/2019 | 1 | 06/08/2019 | Archive | |||||
| Dewey Decimal Classification | London | London | RICS Boxes | 28/07/2017 | RICS 2016/13 | 30078425 | 06/08/2019 | 2 | 06/08/2019 | Reference material | |||||
| Dewey Decimal Classification | London | London | RICS Boxes | 25/08/2017 | RICS 2016/13 | 30079051 | 06/08/2019 | 3 | 06/08/2019 | Book | |||||
| Dewey Decimal Classification | Virtual | Virtual | Online | 24/11/2016 | ONLINE PUBLICATION | 159357-2001 | 05/12/2024 | 4 | 06/08/2019 | Online material |